Welcome to the Holygrace Academy Library

Please use search bar below to get started

CHEMISTRY FOR CLASS X (Record no. 770)

MARC details
000 -LEADER
fixed length control field 00372nam a22001337a 4500
020 ## - INTERNATIONAL STANDARD BOOK NUMBER
ISBN 978-81-317-2844-4
082 ## - DEWEY DECIMAL CLASSIFICATION NUMBER
Classification number 540
Item number TRI/C
100 ## - MAIN ENTRY--AUTHOR NAME
Personal name TRISHNA KNOWLEDGE SYSTEMS
245 ## - TITLE STATEMENT
Title CHEMISTRY FOR CLASS X
Remainder of title THE IIT FOUNDATION SERIES
260 ## - PUBLICATION, DISTRIBUTION, ETC. (IMPRINT)
Place of publication DELHI
Name of publisher PEARSON EDUCATION
Year of publication 2009
300 ## - PHYSICAL DESCRIPTION
Number of Pages 404
650 ## - SUBJECT ADDED ENTRY--TOPICAL TERM
Topical Term CHEMISTRY IIT FOUNDATION SERIES FOR CLASS X
Geographic subdivision INDIA
942 ## - ADDED ENTRY ELEMENTS (KOHA)
Koha item type Books
Holdings
Withdrawn status Lost status Collection code Home library Current library Shelving location Date acquired Source of acquisition Full call number Accession Number Koha item type
    Reference Main Library Main Library SHELF-8 C CLASS X- PHYSICS&CHEMISTRY 15/05/2014 purchase 540 TRI/C 08818 Books
    Reference Main Library Main Library SHELF-8 C CLASS X- PHYSICS&CHEMISTRY 15/05/2014 purchase 540 TRI/C 08814 Books
    Reference Main Library Main Library SHELF-8 C CLASS X- PHYSICS&CHEMISTRY 15/05/2014 purchase 540 TRI/C 08815 Books
    Reference Main Library Main Library SHELF-8 C CLASS X- PHYSICS&CHEMISTRY 15/05/2014 purchase 540 TRI/C 08817 Books
    Reference Main Library Main Library SHELF-8 C CLASS X- PHYSICS&CHEMISTRY 15/05/2014 purchase 540 TRI/C 08816 Books
    Reference Main Library Main Library SHELF-8 C CLASS X- PHYSICS&CHEMISTRY 17/05/2014 purchase 540 TRI/C 08830 Books